Conversión de Piritu

Wedi'i Gadw mewn:
Manylion Llyfryddiaeth
Prif Awduron: Ruiz Blanco, Matías (Awdur), Bueno, Ramón (Awdur)
Fformat: Llyfr
Iaith:Sbaeneg
Cyhoeddwyd: Caracas Fuentes para la Historia Colonial de Venezuela 1965
Cyfres:Biblioteca de la Academia Nacional de la Historia, 78
Pynciau:
Tagiau: Ychwanegu Tag
Dim Tagiau, Byddwch y cyntaf i dagio'r cofnod hwn!

MARC

LEADER 00000nam a2200000 a 4500
001 UCS8696
003 CL-VaPUC
008 971107e19650000VE |||||||||||||||||spa|d
082 0 4 |a 266.87  |b RUI  |2 21 
100 0 |a Ruiz Blanco, Matías  |e author  |9 393504 
700 0 |a Bueno, Ramón  |e author  |9 393505 
245 1 0 |a Conversión de Piritu 
246 1 0 |a Tratado histórico 
300 |a 204 p 
942 |c BK 
945 |d 19971107 00:00:00  |a cmena 
260 |a Caracas  |b Fuentes para la Historia Colonial de Venezuela  |c 1965 
500 |a A cada autor le corresponde un trabajo 
600 0 7 |a FRANCISCANOS  |2 CL-VaPUC  |9 314580 
600 0 |a Iglesia católica  |9 255129 
650 0 |a Iglesia   |9 255004 
650 0 |a Misioneros  |9 324171 
650 0 |a Historia venezolana  |9 393448 
650 7 |a MISIONES RELIGIOSAS  |2 CL-VaPUC  |9 393449 
650 7 |a EVANGELIZACION  |2 CL-VaPUC  |9 393506 
651 0 |a Venezuela  |9 254993 
583 |a last modification  |c 19971107 00:00:00  |k Rodrigo Vera 
490 0 |a Biblioteca de la Academia Nacional de la Historia, 78 
999 |c 262965  |d 262963 
952 |0 0  |1 0  |4 0  |6 266_870000000000000_RUI_1965  |7 0  |8 A  |9 292030  |a BIBDER  |b BIBDER  |d 2019-11-19  |i 1767399  |o 266.87 RUI 1965  |p 1767399  |r 2023-01-25  |w 2019-11-19  |y BK  |k DER